[Event "Oberliga Ost-A 1213"]
[Site "Germany"]
[Date "2013.02.24"]
[Round "8.4"]
[White "Baier, Silvio"]
[Black "Geiling, Christian"]
[Result "1/2-1/2"]
[WhiteElo "2248"]
[BlackElo "2212"]
[PlyCount "51"]
[EventDate "2012.10.14"]
[EventType "team-tourn"]
[EventRounds "11"]
[EventCountry "GER"]
[SourceTitle "EXT 2014"]
[Source "ChessBase"]
[SourceDate "2013.11.20"]
[SourceVersion "1"]
[SourceVersionDate "2013.11.20"]
[SourceQuality "1"]
[WhiteTeam "Dresden USV II"]
[BlackTeam "Leipzig VfB"]
[WhiteTeamCountry "GER"]
[BlackTeamCountry "GER"]

1. e4 d6 2. d4 Nf6 3. Nc3 g6 4. Nf3 Bg7 5. Be2 0-0 6. 0-0 Nc6 7. h3 e5 8. dxe5 Nxe5 9. Bg5 h6 10. Be3 Be6 11. Nd4 Bc4 12. Re1 Re8 13. b3 Bxe2 14. Ndxe2 Nc6 15. Ng3 Nh7 16. Qd2 Qh4 17. Rad1 Ng5 18. Nd5 Rac8 19. Bf4 Ne5 20. Bxg5 hxg5 21. Ne3 g4 22. Nxg4 Nxg4 23. Qf4 Be5 24. Qxg4 Qxg4 25. hxg4 Bxg3 26. fxg3 1/2-1/2

[Event "Oberliga Ost-A 1213"]
[Site "Germany"]
[Date "2012.12.09"]
[Round "4.2"]
[White "Baier, Silvio"]
[Black "Hoffmann, Hendrik"]
[Result "1/2-1/2"]
[WhiteElo "2248"]
[BlackElo "2259"]
[PlyCount "26"]
[EventDate "2012.10.14"]
[EventType "team-tourn"]
[EventRounds "11"]
[EventCountry "GER"]
[SourceTitle "EXT 2014"]
[Source "ChessBase"]
[SourceDate "2013.11.20"]
[SourceVersion "1"]
[SourceVersionDate "2013.11.20"]
[SourceQuality "1"]
[WhiteTeam "Dresden USV II"]
[BlackTeam "Leipzig SG II"]
[WhiteTeamCountry "GER"]
[BlackTeamCountry "GER"]

1. e4 d6 2. d4 Nf6 3. Nc3 g6 4. Nf3 Bg7 5. Be2 0-0 6. 0-0 a6 7. a4 b6 8. Re1 Bb7 9. Bf1 Nc6 10. h3 e5 11. dxe5 dxe5 12. Bg5 Qxd1 13. Raxd1 Nb4 1/2-1/2

[Event "Oberliga Ost-A 1213"]
[Site "Germany"]
[Date "2012.11.11"]
[Round "3.1"]
[White "Zwahr, Paul"]
[Black "Baier, Silvio"]
[Result "1/2-1/2"]
[WhiteElo "2313"]
[BlackElo "2248"]
[PlyCount "82"]
[EventDate "2012.10.14"]
[EventType "team-tourn"]
[EventRounds "11"]
[EventCountry "GER"]
[SourceTitle "EXT 2014"]
[Source "ChessBase"]
[SourceDate "2013.11.20"]
[SourceVersion "1"]
[SourceVersionDate "2013.11.20"]
[SourceQuality "1"]
[WhiteTeam "Dresden Gruen Weiss"]
[BlackTeam "Dresden USV II"]
[WhiteTeamCountry "GER"]
[BlackTeamCountry "GER"]

1. e4 e5 2. Nf3 Nc6 3. Bb5 a6 4. Ba4 Nf6 5. 0-0 Be7 6. Re1 b5 7. Bb3 d6 8. c3 0-0 9. h3 Be6 10. d4 Bxb3 11. axb3 exd4 12. cxd4 Nb4 13. Nc3 c5 14. d5 Re8 15. Bg5 Nd7 16. Bf4 Qc7 17. Rc1 Rad8 18. Qd2 Qb6 19. Ra1 Bf6 20. Na2 Nxa2 21. Rxa2 Re7 22. Re2 h6 23. Ra1 Rde8 24. Rae1 Qb8 25. Qa5 Ne5 26. Nxe5 Bxe5 27. Bxe5 Rxe5 28. Qxa6 f5 29. f3 fxe4 30. Rxe4 Rxe4 31. fxe4 b4 32. Qc6 Qd8 33. e5 Rxe5 34. Rxe5 dxe5 35. d6 Kf7 36. Qc7+ Ke8 37. Qxc5 Kd7 38. Qxe5 Qb6+ 39. Kf1 Qxd6 40. Qxd6+ Kxd6 41. Ke2 Ke6 1/2-1/2

[Event "Bundesliga 0809"]
[Site "Germany"]
[Date "2008.10.05"]
[Round "2.8"]
[White "Baier, Silvio"]
[Black "Kabatianski, Alexander"]
[Result "1/2-1/2"]
[WhiteElo "2247"]
[BlackElo "2436"]
[PlyCount "51"]
[EventDate "2008.10.03"]
[EventType "team-tourn"]
[EventRounds "15"]
[EventCountry "GER"]
[SourceTitle "CBM 126 Extra"]
[Source "ChessBase"]
[SourceDate "2008.11.05"]
[SourceVersion "1"]
[SourceVersionDate "2008.11.05"]
[SourceQuality "1"]
[WhiteTeam "Dresden"]
[BlackTeam "Emsdetten"]
[WhiteTeamCountry "GER"]
[BlackTeamCountry "GER"]

1. e4 c5 2. Nf3 e6 3. c3 d5 4. exd5 Qxd5 5. d4 Nf6 6. Na3 Qd8 7. Nc4 Nc6 8. Nce5 cxd4 9. Bb5 Bd7 10. Nxd7 Nxd7 11. Nxd4 Qc7 12. Qa4 Rc8 13. Be3 Be7 14. 0-0 0-0 15. Nf3 Nb6 16. Qe4 Rfe8 17. Ng5 Bxg5 18. Bxg5 Nd5 19. c4 Nde7 20. Rfd1 Nf5 21. Bxc6 Qxc6 22. Qxc6 Rxc6 23. b3 f6 24. Be3 Nxe3 25. fxe3 Kf7 26. Rd7+ 1/2-1/2

[Event "Oberliga Ost-A 0506"]
[Site "Germany"]
[Date "2006.01.29"]
[Round "7.6"]
[White "Baier, Silvio"]
[Black "Kuna, Ralf Michael"]
[Result "1/2-1/2"]
[WhiteElo "2244"]
[BlackElo "2139"]
[PlyCount "87"]
[EventDate "2005.11.13"]
[EventType "team-tourn"]
[EventRounds "11"]
[EventCountry "GER"]
[SourceTitle "EXT 2007"]
[Source "ChessBase"]
[SourceDate "2006.11.23"]
[SourceVersion "1"]
[SourceVersionDate "2006.11.23"]
[SourceQuality "1"]
[WhiteTeam "Dresden"]
[BlackTeam "Magdeburg Rochade"]
[WhiteTeamCountry "GER"]
[BlackTeamCountry "GER"]

1. e4 c6 2. d4 d5 3. e5 Bf5 4. Be3 e6 5. Nd2 h5 6. Be2 h4 7. h3 Nd7 8. f4 Ne7 9. Ngf3 Bg6 10. Bf2 Nf5 11. 0-0 Be7 12. c3 Bh5 13. b4 Bxf3 14. Nxf3 b5 15. a4 a6 16. axb5 cxb5 17. Qd2 Qb6 18. Ra3 Rc8 19. Rfa1 Nb8 20. Ne1 g6 21. Nd3 Kf8 22. Nc5 Bxc5 23. dxc5 Qb7 24. Bd4 Ne7 25. Qa2 Rc6 26. Bd3 Kg7 27. Ra5 Nc8 28. Qe2 Na7 29. Qg4 Rh5 30. Rf1 Kf8 31. Ra2 Nc8 32. Bf2 Qe7 33. Bd4 Qd7 34. Qe2 Qb7 35. Rfa1 Na7 36. Qe1 Kg7 37. Kh2 Kf8 38. Kg1 Kg7 39. Kf2 Nc8 40. Qe2 Na7 41. Ke3 Kf8 42. Qf3 Nc8 43. Qf1 Kg8 44. Qf3 1/2-1/2

[Event "Oberliga Ost-A 0506"]
[Site "Germany"]
[Date "2005.11.26"]
[Round "2.7"]
[White "Baier, Silvio"]
[Black "Poenisch, Eckehard"]
[Result "1/2-1/2"]
[WhiteElo "2244"]
[BlackElo "2225"]
[PlyCount "87"]
[EventDate "2005.11.13"]
[EventType "team-tourn"]
[EventRounds "11"]
[EventCountry "GER"]
[SourceTitle "EXT 2007"]
[Source "ChessBase"]
[SourceDate "2006.11.23"]
[SourceVersion "1"]
[SourceVersionDate "2006.11.23"]
[SourceQuality "1"]
[WhiteTeam "Dresden"]
[BlackTeam "Coswig"]
[WhiteTeamCountry "GER"]
[BlackTeamCountry "GER"]

1. e4 c5 2. Nf3 e6 3. c3 d5 4. exd5 Qxd5 5. d4 Nf6 6. Be2 Nc6 7. 0-0 Be7 8. Be3 cxd4 9. Nxd4 Nxd4 10. Bxd4 0-0 11. Bf3 Qb5 12. Qb3 Qa6 13. Nd2 Nd7 14. Qc4 Qd6 15. Ne4 Qf4 16. Be3 Qf5 17. Ng3 Qa5 18. b4 Qa3 19. Bc1 Qa4 20. Bd1 Qc6 21. Qb3 Rb8 22. Be3 b6 23. Bf4 Bd6 24. Bf3 Qc7 25. Bxd6 Qxd6 26. Rfd1 Qc7 27. Rd4 Nf6 28. Rad1 Bb7 29. Bxb7 Qxb7 30. c4 h6 31. Qd3 Rbc8 32. f3 Qc7 33. f4 Rfe8 34. Ne4 Nxe4 35. Qxe4 Red8 36. Kf2 Rxd4 37. Rxd4 Qe7 38. b5 Qa3 39. Qc2 a6 40. bxa6 Qxa6 41. Qb3 Qa5 42. Kf1 Qc5 43. Qd3 g6 44. Rd8+ 1/2-1/2

[Event "Oberliga Ost-A 0405"]
[Site "Germany"]
[Date "2005.04.10"]
[Round "11.6"]
[White "Baier, Silvio"]
[Black "Merker, Matthias"]
[Result "1/2-1/2"]
[WhiteElo "2245"]
[BlackElo "2116"]
[PlyCount "84"]
[EventDate "2004.10.10"]
[EventType "team-tourn"]
[EventRounds "11"]
[EventCountry "GER"]
[SourceTitle "EXT 2006"]
[Source "ChessBase"]
[SourceDate "2005.11.24"]
[SourceVersion "1"]
[SourceVersionDate "2005.11.24"]
[SourceQuality "1"]
[WhiteTeam "Dresden SC 1898 II"]
[BlackTeam "Coswig"]
[WhiteTeamCountry "GER"]
[BlackTeamCountry "GER"]

1. e4 d5 2. exd5 Nf6 3. d4 Nxd5 4. Nf3 Bg4 5. Be2 e6 6. 0-0 Nc6 7. c4 Nb6 8. b3 Bxf3 9. Bxf3 Nxd4 10. Bxb7 Rb8 11. Be3 Rxb7 12. Bxd4 c5 13. Bc3 Rd7 14. Qe2 Bd6 15. Qg4 f5 16. Qh5+ g6 17. Qe2 e5 18. f4 0-0 19. fxe5 Re8 20. Qb2 Bc7 21. Re1 Qb8 22. Nd2 Rde7 23. Nf3 Nd7 24. Rad1 Nxe5 25. Nxe5 Bxe5 26. Bxe5 Rxe5 27. Rxe5 Rxe5 28. Qd2 Qe8 29. Qd8 Kf7 30. Rd7+ Re7 31. Qxe8+ Kxe8 32. Rd5 Rc7 33. Kf2 Ke7 34. Kf3 Ke6 35. h4 a5 36. Kf4 a4 37. h5 axb3 38. axb3 Rb7 39. hxg6 hxg6 40. Rxc5 Rxb3 41. Rc6+ Kf7 42. Rc7+ Kf6 1/2-1/2

[Event "Oberliga Ost-A 0405"]
[Site "Germany"]
[Date "2005.04.09"]
[Round "10.6"]
[White "Baer, Soeren"]
[Black "Baier, Silvio"]
[Result "1/2-1/2"]
[WhiteElo "2096"]
[BlackElo "2245"]
[PlyCount "64"]
[EventDate "2004.10.10"]
[EventType "team-tourn"]
[EventRounds "11"]
[EventCountry "GER"]
[SourceTitle "EXT 2006"]
[Source "ChessBase"]
[SourceDate "2005.11.24"]
[SourceVersion "1"]
[SourceVersionDate "2005.11.24"]
[SourceQuality "1"]
[WhiteTeam "Leipzig Lok II"]
[BlackTeam "Dresden SC 1898 II"]
[WhiteTeamCountry "GER"]
[BlackTeamCountry "GER"]

1. d4 d5 2. c4 e6 3. Nf3 Nf6 4. g3 Be7 5. Bg2 0-0 6. 0-0 c6 7. Qc2 b6 8. b3 a5 9. Rd1 Nbd7 10. Nc3 Ba6 11. Nd2 b5 12. e4 bxc4 13. e5 cxb3 14. Nxb3 Ne8 15. Na4 Bb5 16. Nbc5 Bxa4 17. Nxa4 c5 18. dxc5 Nxe5 19. Nb6 Ra7 20. Be3 Nc6 21. Qa4 Rc7 22. Rac1 Nf6 23. Bf4 e5 24. Nxd5 Nxd5 25. Rxd5 Qc8 26. Be3 Nb4 27. Rdd1 Bxc5 28. Qxa5 Bd6 29. Rxc7 Qxc7 30. Bb6 Qe7 31. a3 Nc2 32. Qd2 Nd4 1/2-1/2

[Event "Oberliga Ost-A 0405"]
[Site "Germany"]
[Date "2004.11.13"]
[Round "2.6"]
[White "Pfeiffer, Alfred"]
[Black "Baier, Silvio"]
[Result "0-1"]
[WhiteElo "2175"]
[BlackElo "2245"]
[PlyCount "146"]
[EventDate "2004.10.10"]
[EventType "team-tourn"]
[EventRounds "11"]
[EventCountry "GER"]
[SourceTitle "EXT 2006"]
[Source "ChessBase"]
[SourceDate "2005.11.24"]
[SourceVersion "1"]
[SourceVersionDate "2005.11.24"]
[SourceQuality "1"]
[WhiteTeam "Chemnitz II"]
[BlackTeam "Dresden SC 1898 II"]
[WhiteTeamCountry "GER"]
[BlackTeamCountry "GER"]

1. e4 e5 2. Nf3 Nc6 3. Bb5 a6 4. Bxc6 dxc6 5. 0-0 Qd6 6. d4 exd4 7. Qxd4 Qxd4 8. Nxd4 Bd7 9. Be3 0-0-0 10. Nd2 c5 11. N4f3 f6 12. Rfe1 Be6 13. e5 f5 14. Ng5 Re8 15. Nxe6 Rxe6 16. f4 Nh6 17. Nf3 Be7 18. Rad1 Rd8 19. Rxd8+ Kxd8 20. Rd1+ Kc8 21. Rd5 b6 22. h3 Bd8 23. Kf2 Re8 24. Nh2 Be7 25. g4 Rd8 26. Rxd8+ Kxd8 27. Kf3 Kd7 28. Nf1 g6 29. c4 Ke6 30. Bd2 Nf7 31. Bc3 Nd8 32. Ne3 Nc6 33. Nd5 Bd8 34. Ke3 Nb8 35. gxf5+ gxf5 36. Kd3 Nc6 37. a3 a5 38. Ne3 Ne7 39. Ng2 Ng6 40. Be1 Be7 41. Ke3 Bd8 42. Kf3 Be7 43. Ne3 Bd8 44. Nd5 Nf8 45. Nc3 Kf7 46. Nb5 Ke6 47. b4 axb4 48. axb4 c6 49. Nd6 cxb4 50. Bxb4 Be7 51. c5 bxc5 52. Bxc5 Kd5 53. Ba3 Bxd6 54. Bxd6 Ne6 55. Ke3 Kc4 56. Ba3 Kb3 57. Bc1 Kc2 58. Bd2 c5 59. Ke2 c4 60. Be3 c3 61. Kf3 Kd1 62. Kg3 c2 63. Kh4 c1Q 64. Bxc1 Kxc1 65. Kh5 Kd2 66. Kh6 Ke3 67. Kxh7 Kxf4 68. Kg6 Kxe5 69. h4 f4 70. h5 f3 71. h6 f2 72. h7 Nf8+ 73. Kg7 Nxh7 0-1

[Event "Oberliga Ost-A 0203"]
[Site "Germany"]
[Date "2003.03.29"]
[Round "10.6"]
[White "Butzke, Daniel"]
[Black "Baier, Silvio"]
[Result "0-1"]
[WhiteElo "1971"]
[BlackElo "2288"]
[PlyCount "74"]
[EventDate "2002.10.20"]
[EventType "team"]
[EventRounds "11"]
[EventCountry "GER"]
[SourceTitle "EXT 2004"]
[Source "ChessBase"]
[SourceDate "2003.11.25"]
[SourceVersion "1"]
[SourceVersionDate "2003.11.25"]
[SourceQuality "1"]
[WhiteTeam "Plauen Koenig II"]
[BlackTeam "Dresden SC II"]
[WhiteTeamCountry "GER"]
[BlackTeamCountry "GER"]

1. e4 e5 2. Nf3 Nc6 3. Bc4 Bc5 4. c3 Nf6 5. d3 d6 6. b4 Bb6 7. Bg5 h6 8. Be3 0-0 9. h3 Be6 10. Nbd2 Re8 11. Bb5 Bxe3 12. fxe3 Bd7 13. Bc4 Be6 14. b5 Bxc4 15. Nxc4 Ne7 16. 0-0 Ng6 17. Na5 Qd7 18. c4 a6 19. a4 b6 20. Nc6 a5 21. Ra2 Qe6 22. Raf2 Rf8 23. Nd2 Rae8 24. Nb1 Nd7 25. Nc3 Ne7 26. Nxe7+ Qxe7 27. Nd5 Qd8 28. Qh5 f6 29. Qg6 Re6 30. d4 Rf7 31. Rf5 Nf8 32. Qg4 Kh8 33. Rh5 Qe8 34. Nxc7 Rxc7 35. Rf3 exd4 36. Rg3 Rxe4 37. Rxh6+ Nh7 0-1

[Event "Oberliga Ost-A 0203"]
[Site "Germany"]
[Date "2003.03.09"]
[Round "9.5"]
[White "Baier, Silvio"]
[Black "Liebert, Heinz"]
[Result "1/2-1/2"]
[WhiteElo "2288"]
[BlackElo "2293"]
[PlyCount "25"]
[EventDate "2002.10.20"]
[EventType "team"]
[EventRounds "11"]
[EventCountry "GER"]
[SourceTitle "EXT 2004"]
[Source "ChessBase"]
[SourceDate "2003.11.25"]
[SourceVersion "1"]
[SourceVersionDate "2003.11.25"]
[SourceQuality "1"]
[WhiteTeam "Dresden SC II"]
[BlackTeam "Halle USV"]
[WhiteTeamCountry "GER"]
[BlackTeamCountry "GER"]

1. e4 c5 2. Nf3 Nc6 3. g3 g6 4. Bg2 Bg7 5. 0-0 d6 6. d3 e5 7. Nc3 Nge7 8. Nd5 Nxd5 9. exd5 Ne7 10. c4 0-0 11. Rb1 a5 12. b3 Rb8 13. a4 1/2-1/2

[Event "BL2-Ost 0203"]
[Site "Germany"]
[Date "2002.10.20"]
[Round "1.8"]
[White "Baier, Silvio"]
[Black "Krueger, Rainer"]
[Result "1/2-1/2"]
[WhiteElo "2288"]
[BlackElo "2228"]
[PlyCount "28"]
[EventDate "2002.10.20"]
[EventType "team-tourn"]
[EventRounds "9"]
[EventCountry "GER"]
[SourceTitle "EXT 2004"]
[Source "ChessBase"]
[SourceDate "2003.11.25"]
[SourceVersion "1"]
[SourceVersionDate "2003.11.25"]
[SourceQuality "1"]
[WhiteTeam "Dresden SC"]
[BlackTeam "Erfurt SK II"]
[WhiteTeamCountry "GER"]
[BlackTeamCountry "GER"]

1. e4 c5 2. d3 Nc6 3. g3 g6 4. Bg2 Bg7 5. c3 d6 6. Nf3 Nf6 7. 0-0 0-0 8. h3 b5 9. Be3 Bb7 10. Nbd2 Rc8 11. a3 a5 12. Qe2 Ne5 13. Rfc1 Nxf3+ 14. Bxf3 Qd7 1/2-1/2

[Event "Oberliga Ost-A 0102"]
[Site "Germany"]
[Date "2002.02.02"]
[Round "6.6"]
[White "Baier, Silvio"]
[Black "Oswald, Michael"]
[Result "1-0"]
[WhiteElo "2228"]
[BlackElo "2179"]
[PlyCount "93"]
[EventDate "2001.10.07"]
[EventType "team"]
[EventRounds "11"]
[EventCountry "GER"]
[SourceTitle "EXT 2003"]
[Source "ChessBase"]
[SourceDate "2002.11.25"]
[SourceVersion "1"]
[SourceVersionDate "2002.11.25"]
[SourceQuality "1"]
[WhiteTeam "Dresden SC II"]
[BlackTeam "Anhalt"]
[WhiteTeamCountry "GER"]
[BlackTeamCountry "GER"]

1. e4 Nf6 2. Nc3 e5 3. Nf3 Bb4 4. Nxe5 0-0 5. Be2 Re8 6. Nd3 Bxc3 7. dxc3 Nxe4 8. Nf4 c6 9. c4 Qa5+ 10. c3 d6 11. f3 Nf6 12. 0-0 Bf5 13. Rf2 Na6 14. Bd2 Rad8 15. b4 Qc7 16. Qb3 g5 17. Bd3 Re5 18. Bxf5 Rxf5 19. Ne2 d5 20. c5 Re8 21. Ng3 Rfe5 22. f4 R5e7 23. fxg5 Ng4 24. Rf3 Re2 25. Bf4 Re1+ 26. Rxe1 Rxe1+ 27. Nf1 Qe7 28. h3 Ne5 29. Re3 Rxe3 30. Bxe3 Nc4 31. Bd4 Qxg5 32. Qc2 Nc7 33. Qf2 Nb5 34. Bf6 Qg6 35. Qf4 Nc7 36. Qxc7 Qxf6 37. Qxb7 Qxc3 38. Qxc6 Qd4+ 39. Kh1 Ne5 40. Qc8+ Kg7 41. Qf5 f6 42. Ng3 Ng6 43. Qd7+ Kg8 44. c6 Qd1+ 45. Kh2 Ne5 46. Qe8+ Kg7 47. Nf5# 1-0

[Event "Oberliga Ost-A 0001"]
[Site "Germany"]
[Date "2001.04.01"]
[Round "9.7"]
[White "Koenig, Falk"]
[Black "Baier, Silvio"]
[Result "0-1"]
[WhiteElo "2168"]
[BlackElo "2205"]
[PlyCount "62"]
[EventDate "2000.10.15"]
[EventType "team"]
[EventRounds "11"]
[EventCountry "GER"]
[SourceTitle "EXT 2002"]
[Source "ChessBase"]
[SourceDate "2001.11.25"]
[SourceVersion "1"]
[SourceVersionDate "2001.11.25"]
[SourceQuality "1"]
[WhiteTeam "Anhalt"]
[BlackTeam "Dresden II"]
[WhiteTeamCountry "GER"]
[BlackTeamCountry "GER"]

1. e4 e5 2. Nf3 Nc6 3. Bc4 Bc5 4. c3 Nf6 5. d4 exd4 6. cxd4 Bb4+ 7. Bd2 Bxd2+ 8. Nbxd2 d5 9. exd5 Nxd5 10. 0-0 0-0 11. Rc1 Nce7 12. Qb3 c6 13. Ne5 Qb6 14. Qxb6 axb6 15. a3 Be6 16. Rfd1 Rad8 17. h3 Rfe8 18. Kf1 Nf5 19. Ndf3 f6 20. Bxd5 Bxd5 21. Nc4 b5 22. Ncd2 Bf7 23. Nb1 Bc4+ 24. Kg1 Be2 25. Re1 Bxf3 26. gxf3 Nxd4 27. Kg2 Kf7 28. Nc3 Rxe1 29. Rxe1 Ne6 30. Ne4 f5 31. Nc3 Rd2 0-1

[Event "Dresden op 09th"]
[Site "Dresden"]
[Date "2000.07.07"]
[Round "1"]
[White "Gutman, Lev"]
[Black "Baier, Silvio"]
[Result "1-0"]
[WhiteElo "2530"]
[BlackElo "2205"]
[PlyCount "119"]
[EventDate "2000.07.20"]
[EventType "swiss"]
[EventRounds "9"]
[EventCountry "GER"]
[SourceTitle "EXT 2001"]
[Source "ChessBase"]
[SourceDate "2000.11.22"]
[SourceVersion "1"]
[SourceVersionDate "2000.11.22"]
[SourceQuality "1"]

1. Nf3 Nf6 2. g3 b6 3. Bg2 Bb7 4. 0-0 e6 5. d4 d5 6. c4 c6 7. Nc3 Be7 8. e4 Nxe4 9. Nxe4 dxe4 10. Ne5 Bf6 11. Bf4 Nd7 12. Qh5 0-0 13. Bxe4 g6 14. Qf3 Nxe5 15. dxe5 Be7 16. Bxc6 Bxc6 17. Qxc6 Rc8 18. Qe4 Qc7 19. b3 Rfd8 20. Rad1 Rd7 21. h4 h5 22. Rxd7 Qxd7 23. Be3 Rd8 24. Kg2 Qc7 25. Re1 Kg7 26. Re2 Bc5 27. Bg5 Be7 28. Bf4 Rd7 29. Re3 Qd8 30. Rf3 Kg8 31. Be3 Qc7 32. Bh6 Qd8 33. Qf4 Bf8 34. Bg5 Qa8 35. g4 hxg4 36. Qxg4 Rd3 37. Be3 Bc5 38. h5 Bxe3 39. fxe3 Rd2+ 40. Kg3 Qd8 41. Qf4 Qe8 42. e4 Rd1 43. Kg2 Rd7 44. Rg3 Rc7 45. hxg6 fxg6 46. Qf6 Rg7 47. Rd3 Qe7 48. Rd8+ Kh7 49. Rd6 g5 50. Rxe6 Qd7 51. Qf5+ Kg8 52. Rd6 Qe7 53. Kg3 g4 54. Qe6+ Qxe6 55. Rxe6 Rg5 56. Re7 a5 57. Re6 Kf7 58. Rf6+ Ke7 59. Rxb6 Rxe5 60. Kf4 1-0